| 000 | 00581nam a2200193 i 4500 | ||
|---|---|---|---|
| 001 | 183567 | ||
| 003 | ES-MaACL | ||
| 005 | 20250906063142.0 | ||
| 008 | 140722s2013 sp |||| | spa d | ||
| 020 | _a978-84-9802-929-1 | ||
| 080 | _a821.134.2-14"19" | ||
| 100 | 1 |
_aVicea, Ángel Manuel, _d1964- _9155048 |
|
| 245 | 1 | 0 |
_aAn matutina / _cÁngel Manuel Vicea. |
| 250 | _a1ª ed. | ||
| 260 |
_aFuenlabrada, Madrid : _bEntrelíneas, _c2013. |
||
| 300 |
_a79 p. ; _c21 cm. |
||
| 852 |
_aES-MaACL _jN-6176 _z- Dedicatoria autógrafa del autor |
||
| 999 |
_c183567 _d183567 |
||